Communication Skills and Functional Grammar (Record no. 67141)

MARC details
000 -LEADER
fixed length control field 00390nam a22001577a 4500
020 ## - INTERNATIONAL STANDARD BOOK NUMBER
ISBN 8131803724
020 ## - INTERNATIONAL STANDARD BOOK NUMBER
ISBN 978-8131803721
082 ## - DEWEY DECIMAL CLASSIFICATION NUMBER
Classification number 302.2GUP
100 ## - MAIN ENTRY--AUTHOR NAME
Personal name Gupta, Sadhana
245 ## - TITLE STATEMENT
Title Communication Skills and Functional Grammar
260 ## - PUBLICATION, DISTRIBUTION, ETC. (IMPRINT)
Place of publication Delhi:
Name of publisher Goswami Printers,
Year of publication 2008.
300 ## - PHYSICAL DESCRIPTION
Number of Pages 279p. ;
650 ## - SUBJECT ADDED ENTRY--TOPICAL TERM
Topical Term English Grammar
650 ## - SUBJECT ADDED ENTRY--TOPICAL TERM
Topical Term Functional English
942 ## - ADDED ENTRY ELEMENTS (KOHA)
Koha item type Books
Holdings
Withdrawn status Lost status Home library Current library Date acquired Full call number Accession Number Koha item type
    Central Library, QUEST, Nawabshah Central Library, QUEST, Nawabshah 09/08/2021 302.2GUP D2051 Books